Kamus Dewan / (Record no. 22528)

MARC details
000 -LEADER
fixed length control field 00733nam a2200253#a 4500
001 - CONTROL NUMBER
control field 00934
003 - CONTROL NUMBER IDENTIFIER
control field HDC
007 - PHYSICAL DESCRIPTION FIXED FIELD--GENERAL INFORMATION
fixed length control field ta
008 - FIXED-LENGTH DATA ELEMENTS--GENERAL INFORMATION
fixed length control field 230623s2007 xx 000 0 eng d
020 ## - INTERNATIONAL STANDARD BOOK NUMBER
International Standard Book Number 9789836283399 (hbk.).
040 ## - CATALOGING SOURCE
Original cataloging agency HDC
050 ## - LIBRARY OF CONGRESS CALL NUMBER
Classification number ref PL 5126
Item number .K36 2007
245 #0 - TITLE STATEMENT
Title Kamus Dewan /
Statement of responsibility, etc. [Ketua editor Hajah Noresah bt. Baharom
250 ## - EDITION STATEMENT
Edition statement Ed. ke4.
264 ## - PRODUCTION, PUBLICATION, DISTRIBUTION, MANUFACTURE, AND COPYRIGHT NOTICE
Place of production, publication, distribution, manufacture Kuala Lumpur :
Name of producer, publisher, distributor, manufacturer Dewan Bahasa dan Pustaka,
Date of production, publication, distribution, manufacture, or copyright notice 2007
300 ## - PHYSICAL DESCRIPTION
Extent xlix,1817p. ;
Dimensions 23cm.
500 ## - GENERAL NOTE
General note Pinjaman tetap pengarah prasarana ilmu dan maklumat (001489972)
650 ## - SUBJECT ADDED ENTRY--TOPICAL TERM
Topical term or geographic name entry element English language
Form subdivision Dictionaries
General subdivision Malay
700 ## - ADDED ENTRY--PERSONAL NAME
Personal name Asmah Haji Omar,
Titles and other words associated with a name Dato',
Dates associated with a name 1940-
942 ## - ADDED ENTRY ELEMENTS (KOHA)
Source of classification or shelving scheme Library of Congress Classification
942 ## - ADDED ENTRY ELEMENTS (KOHA)
Koha item type Book
942 ## - ADDED ENTRY ELEMENTS (KOHA)
Call number prefix ref PL 5126
942 ## - ADDED ENTRY ELEMENTS (KOHA)
Call number suffix .K36 2007
Holdings
Withdrawn status Lost status Source of classification or shelving scheme Damaged status Not for loan Collection Home library Current library Shelving location Date acquired Total checkouts Full call number Date last seen Price effective from Koha item type
    Library of Congress Classification     Non-fiction Halal Development Corporation Library Halal Development Corporation Library Reference 17/11/2020   ref PL 5126 .K36 2007 24/05/2023 24/05/2023 Book
Halal Development Corporation Berhad (HDC)
5.02 Level 5, KPMG Tower, First Avenue, Persiaran Bandar Utama, 47800 Petaling Jaya, Selangor Darul Ehsan
Phone: +603 7965 5489 Email: [email protected]